000 00454nam a22001697a 4500
003 OSt
005 20211029102308.0
008 211029b |||||||| |||| 00| 0 eng d
020 _a978-0-443-06898-0
040 _aDDC
_cHU
082 _21ST
_a615
_b5
100 _aELAINE M ALDRED
_916256
245 _aPHARMACOLOGY,A HANDBOOK FOR COMPLEMENTARY HEALTHCARE PROFESSIONALS
250 _a1ST
260 _aLONDON
_bELSEVIER LTD
_c2009
942 _2ddc
_cBOOKS
_n0
999 _c15790
_d15790